00306nam a2200121Ia 4500008004100000100002400041245004000065260003400105300000900139650001400148942000700162999001500169190216s9999||||xx |||||||||||||| ||und|| aGopinathan Nair P R 0aDhanasasthra Chinthyudae Charithram bKerala Bhasha Institutec1972 a426p aEconomics cBK c9523d9523